LEADER 02440nam0 22005173i 450 001 BVE0013142 005 20251003044050.0 010 $a8878350923 020 $aIT$b92-1147 100 $a19911026d1991 ||||0itac50 ba 101 | $aita$cita 102 $ait 181 1$6z01$ai $bxxxe 182 1$6z01$an 200 1 $aˆIl ‰Mezzogiorno alle soglie del 1992$fintroduzione di Bruno Jossa 210 $aNapoli$cGuida$d1991 215 $a284 p.$d23 cm 225 | $aLaboratorio$v5 300 $aIn cop.: Istituto Suor Orsola Benincasa 300 $aAtti del convegno dell'8-9 maggio 1989. 410 0$1001BVE0025193$12001 $aLaboratorio$v5 500 11$aˆIl ‰Mezzogiorno alle soglie del 1992$3RML0552906$961144 606 $aItalia meridionale$xSviluppo economico$xSec. 20.$2FIR$3BVEC036812$9I 676 $a338.9$9SVILUPPO ECONOMICO$v21 676 $a338.9457$9Produzione. Sviluppo e crescita economica. Italia meridionale$v14 676 $a338.9457$9SVILUPPO ECONOMICO. Italia meridionale$v21 676 $a338.9457$9Sviluppo e crescita economica. Italia meridionale$v22 696 $aCrescita economica 699 $aSviluppo economico$yCrescita economica 702 1$aJossa$b, Bruno$3CFIV076836 702 1$aJossa$b, Bruno$3CFIV076836$4340 712 02$aIstituto Suor Orsola Benincasa$3CFIV333603$4475 801 3$aIT$bIT-000000$c19911026 850 $aIT-BN0095 $aIT-SA0060 $aIT-NA0079 $aIT-NA0120 $aIT-NA0467 $aIT-NA0097 901 $bNAP BN$cMAGAZZINO $nmagazzini correnti divisi per anni 901 $bNAP BN$cSEZ.NAP. $n$ 901 $bNAP 27$cSALA $n$ 901 $bNAP SP$cNF. $nNUOVO FONDO 901 $bNAP 01$cPOZZO LIB.$nVi sono collocati fondi di economia, periodici di ingegneria e scienze, periodici di economia e statistica e altri fondi comprendenti documenti di economia pervenuti in dono. 901 $bNAP CR$cSASSO $n$ 901 $bNAP SD$cSALA B $nSala di consultazione per opere che riguardano la storia di Napoli 912 $aBVE0013142 950 0$aBiblioteca Centralizzata di Ateneo$c1 v.$d 01POZZO LIB.ECON MON 9861$e 0101 0000093115E VMA 1 v. (precedente collocazione: GUERRAZZI B 656)$fB $h20071127$i20071127 977 $a 01$a 27$a BN$a CR$a SD$a SP 996 $aMezzogiorno alle soglie del 1992$961144 997 $aUNISANNIO